Представление документа в формате MARC21

Поле Инд. ПП Название Значение
Тип записи a
Библиографический уровень m
001 Контрольный номер 6a49253865954232a8b6be481379cc2a
005 Дата корректировки 20161118152101.9
008 Кодируемые данные 080728
020 a ISBN 978-5-94057-352-4
c Цена, тираж 120.00
040 a Служба первич. каталог. НБ ТвГУ
041 a Код языка текста rus
080 a Индекс УДК 531.19
084 a Индекс другой классификации/Индекс ББК В317.2
090 x Авторский знак Б48
a Полочн. индекс В317.2
100 1_ a Автор Березин Феликс Александрович
245 00 a Заглавие Лекции по статистической физике
c Ответственность Ф. А. Березин ; под ред. Д. А. Лейтеса
250 a Основные сведения об издании 2-е изд., испр
260 0_ a Место издания Москва
b Издательство МЦНМО
c Дата издания 2008
300 a Объем 196 с.
504 a Библиография Библиогр. : с. 190-193. - Предм. указ.: с. 194-196.
583 a Действие Получение впервые 184 19.08.2008
k Исполнитель действия Дар РГГУ
650 a Основная рубрика Физика теоретическая
650 a Основная рубрика Статистическая физика
653 a Ключевые слова Физика
a Ключевые слова Статистическая физика
a Ключевые слова Лекции
852 t Порядковый номер экземпляра 1
p Инвентарный номер 917212
863 t 00234859
888 a Бесплатные
930 a Новая/Ретро лекции
952 p 184.2008 120.00 1 917212
c Вид литературы К ру
954 a Дата поступления на обработку 20090130
999 a Подразделение 2 Фил3